| 000 | 01088cam a22001934a 4500 | ||
|---|---|---|---|
| 005 | 20250605164213.0 | ||
| 008 | 250528s ||||||||||||||||||||||||d | ||
| 035 | _a20379 | ||
| 020 | _a9602561394 | ||
| 040 |
_aGR-AtMCL _bgre _dGR-AtMCL _eAACR2 |
||
| 245 | 1 | _aΙστορία της Τέχνης / Η Αρχαία Τέχνη | |
| 260 |
_bΕξάντας, _c1993 |
||
| 300 | _a382 | ||
| 520 | _aΗ αρχαία τέχνη: από την προιστορική εποχή μέχρι τη Ρωμαική Αυτοκρατορία και τα πρώτα χριστιανικά χρόνια, με ενδίαμεσους σταθμούς την Αίγυπτο, τη Μεσοποταμία, την Ελλάδα και τη Ρώμη. Πριν την Ιστορία, Η Αίγυπτος, Η Αρχαία Ανατολή, Οι Πηγές της Ελληνικής Τέχνης, Φειδίας, Το Λυκόφως των Ανθρώπων, Η Ελλάδα της Καθημερινής Ζωής, Ρώμη. | ||
| 700 | 1 |
_aΦωρ Έλι _96363 |
|
| 942 | _cBK | ||
| 999 |
_c5494 _d5494 |
||